ARRUPE JESUIT UNIVERSITY

CORONAVIRUS -STOP THE SPREAD - CLEAN,DISINFECT,COVER

Contemporary perspectives on natural law : (Record no. 129014)

MARC details
000 -LEADER
fixed length control field 01171cam a22002534a 4500
001 - CONTROL NUMBER
control field 14787389
003 - CONTROL NUMBER IDENTIFIER
control field ARRUPE
005 - DATE AND TIME OF LATEST TRANSACTION
control field 20190214104158.0
008 - FIXED-LENGTH DATA ELEMENTS--GENERAL INFORMATION
fixed length control field 070328s2008 enk b 100 0 eng
010 ## - LIBRARY OF CONGRESS CONTROL NUMBER
LC control number 2007013125
020 ## - INTERNATIONAL STANDARD BOOK NUMBER
International Standard Book Number 9780754660545 (hardcover : alk. paper)
040 ## - CATALOGING SOURCE
Original cataloging agency DLC
Transcribing agency DLC
Modifying agency DLC
050 00 - LIBRARY OF CONGRESS CALL NUMBER
Classification number K418
Item number .C657 2006
082 00 - DEWEY DECIMAL CLASSIFICATION NUMBER
Classification number 340/.112
Edition number 22
300 ## - PHYSICAL DESCRIPTION
Dimensions 24 cm.
111 2# - MAIN ENTRY--MEETING NAME
Meeting name or jurisdiction name as entry element Conference on Natural Law
Date of meeting (2006 :
Location of meeting University of Navarra)
9 (RLIN) 44675
245 10 - TITLE STATEMENT
Title Contemporary perspectives on natural law :
Remainder of title natural law as a limiting concept /
Statement of responsibility, etc edited by Ana Marta González.
260 ## - PUBLICATION, DISTRIBUTION, ETC. (IMPRINT)
Place of publication, distribution, etc London :
Name of publisher, distributor, etc Routledge,
Date of publication, distribution, etc c2006.
300 ## - PHYSICAL DESCRIPTION
Extent xii, 322 p. ;
504 ## - BIBLIOGRAPHY, ETC. NOTE
Bibliography, etc Includes bibliographical references.
650 #0 - SUBJECT ADDED ENTRY--TOPICAL TERM
Topical term or geographic name as entry element Natural law
Form subdivision Congresses.
9 (RLIN) 44676
700 1# - ADDED ENTRY--PERSONAL NAME
Personal name González, Ana Marta,
Dates associated with a name 1969-
9 (RLIN) 44677
856 41 - ELECTRONIC LOCATION AND ACCESS
Materials specified Table of contents only
Uniform Resource Identifier <a href="http://www.loc.gov/catdir/toc/ecip0714/2007013125.html">http://www.loc.gov/catdir/toc/ecip0714/2007013125.html</a>
906 ## - LOCAL DATA ELEMENT F, LDF (RLIN)
a 7
b cbc
c orignew
d 1
e ecip
f 20
g y-gencatlg
942 ## - ADDED ENTRY ELEMENTS (KOHA)
Source of classification or shelving scheme Library of Congress Classification
Koha item type Monograph ( Printed materials)
Holdings
Withdrawn status Lost status Source of classification or shelving scheme Damaged status Not for loan Collection code Home library Current library Shelving location Date acquired Total Checkouts Full call number Barcode Date last seen Price effective from Koha item type
    Library of Congress Classification     Main Collection ARRUPE LIBRARY ARRUPE LIBRARY Main Collection 14/02/2019   K418 .C657 2006 46600003792 14/02/2019 14/02/2019 Monograph ( Printed materials)

 

Arrupe Library. PO Box MP320 Mt Pleasant, Harare, Zimbabwe
263 242 745411|librarian@aju.ac.zw